| 000 | 07930nam a22006017a 4500 | ||
|---|---|---|---|
| 005 | 20120209144843.0 | ||
| 010 | _aB-473485-513 | ||
| 020 |
_c95.00 _a9788189020798 |
||
| 035 | _aB-473485-513 | ||
| 037 | _bब्लूबेरी बुक्स | ||
| 082 | _aक | ||
| 100 |
_aकिंफाम सिंग नौंगकिंरिह _950807 |
||
| 245 |
_aएक हिरण कथा..यूसियर लापालांग / _cकिंफाम सिंग नौंगकिंरिह;माया रामास्वामी द्वारा चित्रांकित |
||
| 250 | _a4था संस्क | ||
| 260 |
_aनई दिल्ली _bकथा _c2010 |
||
| 270 |
_aए-3 सर्वोदय एनक्लेव, श्री औरोबिन्दो मार्ग _bनई दिल्ली _e110017 |
||
| 300 |
_aअ.पृ. _bसचित्र _c22 सेमी (अजिल्द) |
||
| 700 |
_aमाया रामास्वामी _941293 |
||
| 700 | _941305 | ||
| 700 | _941360 | ||
| 942 |
_2ddc _cCH _hक _mकिंफाम |
||
| 999 |
_c62412 _d62412 |
||